Problemas psicológicos actuales.

Сохранить в:
Библиографические подробности
Главный автор: Mira y López, Emilio (autor)
Формат:
Язык:испанский
Предметы:
Метки: Добавить метку
Нет меток, Требуется 1-ая метка записи!

MARC

LEADER 00000cam^a2200000uu^4500
001 000475380
005 20250521000000.0
008 050901s1970^^^^^^^^^^^^rd^r^^000^0^spa^d
009 20260310124800.989
035 |a FCE 000018244 
035 |a FCE 021322 
037 |a Acervo ITESO - Biblioteca 
041 |a spa 
082 0 4 |a 150  |b MIRp 
100 |a Mira y López, Emilio  |e (autor) 
245 1 0 |a Problemas psicológicos actuales. 
264 |a Buenos Aires :  |b El Ateneo,  |c 1970. 
300 |a 212 p. 
336 |a texto  |b txt  |2 rdacontenido 
337 |a sin mediación  |b n  |2 rdamedio 
338 |a volumen  |b nc  |2 rdasoporte 
649 |a XX 
650 |a Teoría 
650 |a Psicología social 
650 |a Psicología 
650 |a Educación moral 
650 |a Conducta 
650 |a Desarrollo Cognoscitivo 
650 |a Problemas emocionales 
910 |a Fondo Centro de Estudios Educativos 
920 |a Impresos - Libros 
930 |a Fondos Especiales 
905 |a 133 
901 |a ALE021322  |b IT2  |c CEE  |u 20250521 
902 |a https://opac.biblio.iteso.mx/vufind/Record/000475380